Southville International School and Colleges
Your cart is empty.
  • Cart
  • Lists
    Public lists Eva Luna New books Lux_list list_1
    Your lists Log in to create your own lists
  • Log in to your account
  • Your cookies
  • Search history
Southville International School and Colleges
  • Advanced search
  • Recent comments
  • Most popular
  • Libraries

Log in to your account

Log in with GOOGLE


If you do not have an external account, but do have a local account, you can still log in:

  1. Home
  2. MARC view: Macro perspective of tourism and hospitality
Normal view MARC view ISBD view

Macro perspective of tourism and hospitality (Record no. 364801)

[ view plain ]
MARC details
000 -LEADER
fixed length control field 00604nam a22001937a 4500
003 - CONTROL NUMBER IDENTIFIER
control field 0
005 - DATE AND TIME OF LATEST TRANSACTION
control field 20220903104721.0
008 - FIXED-LENGTH DATA ELEMENTS--GENERAL INFORMATION
fixed length control field 220903b xxu||||| |||| 00| 0 eng d
020 ## - INTERNATIONAL STANDARD BOOK NUMBER
International Standard Book Number 978-971-23-9605-2
050 ## - LIBRARY OF CONGRESS CALL NUMBER
Classification number G155
Item number C78 2018
245 ## - TITLE STATEMENT
Title Macro perspective of tourism and hospitality
Statement of responsibility, etc Zenaida Cruz
260 ## - PUBLICATION, DISTRIBUTION, ETC. (IMPRINT)
Place of publication, distribution, etc Manila
Name of publisher, distributor, etc Rex book store
Date of publication, distribution, etc C2018
300 ## - PHYSICAL DESCRIPTION
Extent viii,213
Dimensions 25cm
Accompanying material Includes glossary and index.
Type of unit Book
500 ## - GENERAL NOTE
General note Tourism--marketing
500 ## - GENERAL NOTE
General note Hospitality--marketing.
500 ## - GENERAL NOTE
General note Tourism--marketing--case study.
500 ## - GENERAL NOTE
General note Hospitality marketing--case study.
942 ## - ADDED ENTRY ELEMENTS (KOHA)
Source of classification or shelving scheme Library of Congress Classification
Koha item type Books

No items available.

Macro perspective of tourism and hospitality

APA

(2018). Macro perspective of tourism and hospitality. Manila: Rex book store.

Chicago

2018. Macro perspective of tourism and hospitality. Manila: Rex book store.

Harvard

(2018). Macro perspective of tourism and hospitality. Manila: Rex book store.

MLA

Macro perspective of tourism and hospitality. Manila: Rex book store. 2018.

  • Print
  • Cite
  • Add to your cart (remove)
  • Save record
    BIBTEX Dublin Core MARCXML MARC (non-Unicode/MARC-8) MARC (Unicode/UTF-8) MARC (Unicode/UTF-8, Standard) MODS (XML) RIS
  • More searches
    Search for this title in:
    Other Libraries (WorldCat) Other Databases (Google Scholar) Online Stores (Bookfinder.com) Open Library (openlibrary.org)

Exporting to Dublin Core...

SOUTHVILLE LIBRARY

Southville International School and Colleges Library

1281 Tropical Ave. Cor. Luxembourg St., BF Homes International, Las Pinas City

Tel. No. 8256374 / 252358 Loc. 117/146

Powered by Koha